000 02532nam a2200781 i 4500
001 56453
003 KOSZ 005
005 20210806105034.0
008 200828s2007 pl a g 001 0 pol
015 _aUWD 2011/29621
020 _a9788302100871
035 _a991007289009705066
035 _a(PL-WaBN)b26569619-48omnis_nlop
035 _ab26569619
035 _a(OCoLC)189422136
035 _a(PL)b0000002656961
035 _a(EXLNZ-48OMNIS_NETWORK)9910139567905606
040 _aWA N
_cWA N
_dKOSZ 005/RW
_dKOSZ 005/HR
046 _k2007
080 _a7.032
080 _a7.033
100 1 _aOsińska, Barbara
_d(?-2002)
_eAutor
245 1 0 _aSztuka i czas.
_n1,
_pOd prehistorii do średniowiecza /
_cBarbara Osińska.
246 3 0 _aOd prehistorii do średniowiecza
260 _aWarszawa :
_bWydawnictwa Szkolne i Pedagogiczne,
_c2007.
300 _a112 stron :
_bilustracje (głównie kolor.). ;
_c31 cm.
336 _aTekst
_btxt
_2rdacontent
337 _aBez urządzenia pośredniczącego
_bn
_2rdamedia
338 _aWolumin
_bnc
_2rdacarrier
380 _aKsiążki
380 _aPublikacje popularnonaukowe
388 1 _a2001-
500 _aDodatek do czasopisma: Rzeczpospolita, Parkiet : gazeta giełdy.
504 _aBibliografia na stronie 10 i przy rozdziałach. Indeks.
648 7 _ado 801 p.n.e.
648 7 _a800-701 p.n.e.
648 7 _a700-601 p.n.e.
648 7 _a600-501 p.n.e.
648 7 _a500-401 p.n.e.
648 7 _a400-301 p.n.e.
648 7 _a300-201 p.n.e.
648 7 _a200-101 p.n.e.
648 7 _a100-1 p.n.e.
648 7 _a1-100
648 7 _a101-200
648 7 _a201-300
648 7 _a301-400
648 7 _a401-500
648 7 _a501-600
648 7 _a601-700
648 7 _a701-800
648 7 _a801-900
648 7 _a 901-1000
648 7 _a1001-1100
648 7 _a1101-1200
648 7 _a1201-1300
648 7 _a1301-1400
648 7 _a1401-1500
648 7 _a1501-1600
650 7 _aSztuka
655 7 _aPublikacja bogato ilustrowana
658 _aKultura i sztuka
658 _aHistoria
710 2 _aWydawnictwa Szkolne i Pedagogiczne
_4pbl
856 _uhttp://koha.tu.koszalin.pl/cgi-bin/koha/opac-detail.pl?biblionumber=56453
_yKatalog online BPK
942 _2UKD
_cKS
999 _c56453
_d56453